000
00338 a2200157 4500
001
194667
020
_a
978856167141
040
_c
Magnum
100
_a
Lage, Micheline
240
1
0
_a
O mundo novo da Luluca
_l
por
245
1
0
_a
O mundo novo da Luluca
300
_a
24
362
0
_a
2013
697
_a
LITERATURA INFANTIL
942
_c
BK
999
_c
194667
_d
194667